Swami Vivekananda : (Record no. 147361)

MARC details
000 -LEADER
fixed length control field 00603nam a22001817a 4500
005 - DATE AND TIME OF LATEST TRANSACTION
control field 20171113142201.0
010 ## - LCCN (DPL NO)
LC control number ENG-121320
020 ## - INTERNATIONAL STANDARD BOOK NUMBER
International Standard Book Number 9788123770710
Terms of availability 85.00
035 ## - SYSTEM CONTROL NUMBER
System control number EN-104852
037 ## - SOURCE OF ACQUISITION
Source of stock number/acquisition DBAD/PUB
082 ## - DEWEY DECIMAL CLASSIFICATION NUMBER
Classification number 181.499
100 ## - MAIN ENTRY--PERSONAL NAME
Personal name Sen, Sandipan.
245 ## - TITLE STATEMENT
Title Swami Vivekananda :
Remainder of title the eternal inspiration for the youth /
Statement of responsibility, etc by Sandipan Sen
260 ## - PUBLICATION, DISTRIBUTION, ETC. (IMPRINT)
Place of publication, distribution, etc New Delhi
Name of publisher, distributor, etc National Book Trust
Date of publication, distribution, etc 2014
270 ## - ADDRESS
Address Nehru Bhawan, 5 Institutional Area, Phase-II, Vasant Kunj,
City New Delhi
Postal code 110070
300 ## - PHYSICAL DESCRIPTION
Extent x, 56 p. :
Dimensions 22 cm (Pbk)
Other physical details ill.
942 ## - ADDED ENTRY ELEMENTS (KOHA)
Source of classification or shelving scheme Dewey Decimal Classification
Item type English Books
Classification part 181.499
Call number suffix SEN
Holdings
Withdrawn status Lost status Not for loan Collection code Home library Current library Date acquired Source of acquisition Cost, normal purchase price Full call number Barcode Copy number Cost, replacement price Koha item type
      Non-fiction Shahdara Branch Shahdara Branch 13/11/2017 DBAD/PUB 85.00 181.499 SEN EN-104852 1 85.00 English Books

© Delhi Public Library
Hit Counter
free hit counter